000
00340nam a22001457a 4500
003
OSt
008
220614b ||||| |||| 00| 0 eng d
020
_a
9788126513666
082
_a
004.6 HAC
100
_a
HAYKIN ,Simon
245
_a
Digital Communication Systems
260
_a
New Delhi
_b
Wiley
_c
2021
300
_a
888
942
_2
ddc
_c
BK
999
_c
11356
_d
11356